01813nam a2200277 a 4500001001000000005001700010008004100027041000800068044000700076084002200083245008800105260001700193300002800210500004600238500055400284500006000838500016000898500004701058500006901105506009301174546005501267600005501322650007101377651005501448700003201503BRCA_497920190320204903.0271010s1700----mx-######v---#000-0#spa-# aspa amx aDOC66b.D63c170010aDocumento firmado por el Rey [Carlos II]c[Carlos II] ; Tomàs Pérez de Guevara. aMadridc1700 a[78] fojasc31 x 21 cm. aDocumento firmado el 10 de marzo de 1700. aDocumento dirigido a los Virreyes y demás autoridades por la Real Cédula del 28 de junio de 1696, que se tomen cuentas a los Oficiales Reales de las cajas de esas Provincias, de los caudales que encontraron en ellas y deben obrar cada año. Se da cuenta de los gastos de Armadas, Presidios, Sueldos y demás en las cajas de: Guadalajara, Zacatecas, Sombrerete, Durango, San Luis Potosí, Guanajuato, Pachuca, Veracruz, Acapulco, México, Guatemala y Filipinas, abarcándose los renglones de: valor, cargas, lo que sobra y lo que falta. aFirmado de recibido por Don Tomás Pérez de Guevara. aContiene sellos con el escudo de la casa de Austria y lemas: ´SELLO QUARTO. UN QUARTILLO. AÑOS DE MIL SEISCIENTOS Y NOVENTA Y NUEVE Y MIL SETECIENTOS´. aEl documento contiene la leyenda DOC. #76. aEstado de conservación: contienen manchas por acides de tinta.0 aFondo Reservado. Para su consulta es necesario credencial de usuario y carta de motivos. aTexto en: español de principios del siglo XVIII.14aCarlosbII,cRey de España,d1661-1700xHistoria14aDocumentos legalesxHistoriayCasa de Austria, 1516-1700zEspaña 4aMéxicoxHistoriayColonia, 1521-1821zManuscrito1 aPérez de Guevara, Tomás